taliban Phenomenon; afghanistan since 1994-1999 (Record no. 266441)

000 -LEADER
fixed length control field 00260 a2200097 4500
001 - CONTROL NUMBER
control field 31368
090 ## - LOCALLY ASSIGNED LC-TYPE CALL NUMBER (OCLC); LOCAL CALL NUMBER (RLIN)
-- 21258
-- 21258
100 ## - MAIN ENTRY--PERSONAL NAME
Personal name Kamal Matinuddin
245 ## - TITLE STATEMENT
Title taliban Phenomenon; afghanistan since 1994-1999
260 ## - PUBLICATION, DISTRIBUTION, ETC.
Place of publication, distribution, etc. Karachi
Name of publisher, distributor, etc. Oxford University Press
Date of publication, distribution, etc. 1999
942 ## - ADDED ENTRY ELEMENTS (KOHA)
Institution code [OBSOLETE] NUST-CAE
Koha item type
--
Holdings
Withdrawn status Lost status Damaged status Not for loan Collection code Permanent Location Current Location Date acquired Total Checkouts Barcode Date last seen Price effective from Koha item type
          College of Aeronautical Engineering (CAE) College of Aeronautical Engineering (CAE) 04/03/2017   CAE72253 04/05/2017 04/05/2017 Book
© 2023 Central Library, National University of Sciences and Technology. All Rights Reserved.